"A Text Book on Power Electronics (Devices,Circuits,Systems and Applications)" (Record no. 37046)

MARC details
000 -LEADER
fixed length control field 00457nam a2200169Ia 4500
008 - FIXED-LENGTH DATA ELEMENTS--GENERAL INFORMATION
fixed length control field 230524s9999 xx 000 0 und d
020 ## - INTERNATIONAL STANDARD BOOK NUMBER
ISBN 8175151730
082 ## - DEWEY DECIMAL CLASSIFICATION NUMBER
Classification number 621.38
Item number RAI
100 ## - MAIN ENTRY--AUTHOR NAME
Personal name Harish C.Rai
245 #0 - TITLE STATEMENT
Title "A Text Book on Power Electronics (Devices,Circuits,Systems and Applications)"
250 ## - EDITION STATEMENT
Edition statement 1ST
260 ## - PUBLICATION, DISTRIBUTION, ETC. (IMPRINT)
Place of publication NEW DELHI
Name of publisher Galgotia
Year of publication 2001
300 ## - PHYSICAL DESCRIPTION
Number of Pages XII;1167
500 ## - GENERAL NOTE
General note Quantity Number: 2
650 ## - SUBJECT ADDED ENTRY--TOPICAL TERM
Topical Term Electronics
942 ## - ADDED ENTRY ELEMENTS (KOHA)
Koha item type Books
Holdings
Lost status Damaged status Permanent Location Current Location Shelving location Date acquired Full call number Accession Number Koha item type
    Central Library, Trident Academy of Technology Central Library, Trident Academy of Technology General Stacks 05/24/2023 621.38 RAI 16712 Books
    Central Library, Trident Academy of Technology Central Library, Trident Academy of Technology General Stacks 05/24/2023 621.38 RAI 16713 Books
Trident Academy of Technology © 2023.
All rights reserved.                                                                                                                                                                                                        Designed by Team of Central Library .

Powered by Koha